Základy manažmentu

Salvato in:
Dettagli Bibliografici
Autore principale: Sedlák, Mikuláš
Ente Autore: Ekonomická univerzita v Bratislave. Fakulta podnikového manažmentu
Altri autori: Majtán, Miroslav, Papula, Jozef
Natura: Libro
Lingua:slovacco
Pubblicazione: Bratislava Edičné stredisko EU 1994
Edizione:1. vyd.
Soggetti:
Tags: Aggiungi Tag
Nessun Tag, puoi essere il primo ad aggiungerne!!

MARC

LEADER 00000nam a2200000 4500
001 c009894
005 20221103083116.4
020 |a 80-225-0591-9 
041 0 |a slo 
044 |a SK 
245 1 0 |a Základy manažmentu  |c Mikuláš Sedlák a kol. 
250 |a 1. vyd. 
264 1 |a Bratislava  |b Edičné stredisko EU  |c 1994 
300 |a 253 s. 
610 2 0 |a manažment 
610 2 0 |a riadenie podnikové 
610 2 0 |a riadenie 
610 2 0 |a plánovanie 
610 2 0 |a kontrola 
610 2 0 |a štruktúra podniku organizačná 
610 2 0 |a manažéri 
100 1 |a Sedlák, Mikuláš 
700 1 |a Majtán, Miroslav 
700 1 |a Papula, Jozef 
710 2 |a Ekonomická univerzita v Bratislave. Fakulta podnikového manažmentu